00621nam a2200217Ia 450000500170000000800410001702000150005808200210007324500470009426000380014130000160017965000110019565000140020665000140022065000100023470000200024470000210026494200060028595200970029199900150038820250109055824.0240331s9999 xx 000 0 und d a0415148219 bNIC22707a305.3 0aGender, Ethnicity and Political Ideologies aLondonaNew YorkbRoutledgec1998 axi, 195 p., aGender aEthnicity aPolitical aWomen aCharles, Needt aHintjens, Heedt cL 001040708LaWERCLbWERCLcSSCd2024-03-31l0o 305.3 GENp2707r2024-03-31w2024-03-31yL c4578d4578